|
|
|
|
| LEADER |
00000nam0a2200000 4500 |
| 001 |
81923 |
| 005 |
20231101213211.0 |
| 010 |
|
|
|a 5884050755
|b (в пер.)
|b 1000 экз.
|
| 021 |
|
|
|a RU
|b 05-28556
|9 05-1432
|
| 035 |
|
|
|a (RuTPU)RU\TPU\book\88052
|
| 090 |
|
|
|a 81923
|
| 100 |
|
|
|a 20050926d2005 km y0rusy5002 ca
|
| 101 |
0 |
|
|a rus
|
| 102 |
|
|
|a RU
|
| 105 |
|
|
|a a z 001zy
|
| 200 |
1 |
|
|a Математические модели и методы в радиосвязи
|f И. А. Голяницкий
|g под ред. Ю. А. Громакова
|
| 210 |
|
|
|a Москва
|c Эко-Трендз
|d 2005
|
| 215 |
|
|
|a 439 с.
|c ил.
|d 24 см.
|
| 225 |
1 |
|
|a Библиотека МТС GSM
|
| 320 |
|
|
|a Библиогр.: с. 436-439.
|
| 330 |
|
|
|a Рассмотрен широкий круг задач, свойственных мобильной и стационарной радиосвязи. Решение этих задач базируется на моделях и математических методах, многие из которых приведены в монографии впервые. Изложены математические основы теории синтеза и анализа больших радиоэлектронных систем и сетей. Развита теория вероятностного описания псевдослучайных последовательностей. Изучены актуальные проблемы суперпозиции электромагнитных полей произвольной структуры в разных зонах излучения, инварианты полей, методы создания линейных, плоских и объемных фазово-антенных решеток, в том числе в виде адаптивных трансверсально-рекурсивных фильтров. Предложены модели многолучевого распространения и синтеза оптимальных адаптивных многопозиционных линейных и нелинейных алгоритмов с компенсацией помех. Доказана неэффективность РЭЙК-приемника, вместо которого предложена процедура межлучевой согласованной фильтрации. Развита теория Шеннона применительно к пространственно-временным сигналам. Предложена и описана новая система радиосвязи, позволяющая передавать сигналы с гигабитовой скоростью. В приложениях приведен дополнительный материал по результатам исследований актуальных проблем почти по всем разделам книги. Для научных работников, аспирантов, инженеров и студентов старших курсов технических университетов.
|
| 606 |
1 |
|
|a Радиотехника
|x Математические методы
|2 stltpush
|3 (RuTPU)RU\TPU\subj\23194
|9 47830
|
| 610 |
1 |
|
|a радиосвязь
|
| 610 |
1 |
|
|a радиотехнические сигналы
|
| 610 |
1 |
|
|a цифровые сигналы
|
| 610 |
1 |
|
|a статистика
|
| 610 |
1 |
|
|a электромагнитные поля
|
| 610 |
1 |
|
|a многомерные статистические характеристики
|
| 610 |
1 |
|
|a каналы
|
| 610 |
1 |
|
|a адаптивные алгоритмы
|
| 610 |
1 |
|
|a оптимизация
|
| 610 |
1 |
|
|a большие системы
|
| 610 |
1 |
|
|a гигабитовая радиосвязь
|
| 610 |
1 |
|
|a принципы
|
| 675 |
|
|
|a 621.396:51
|v 3
|z rus
|
| 700 |
|
1 |
|a Голяницкий
|b И. А.
|g Игорь Алексеевич
|
| 702 |
|
1 |
|a Громаков
|b Ю. А.
|4 340
|
| 801 |
|
0 |
|a RU
|b RKP
|c 20050615
|g PSBO
|
| 801 |
|
1 |
|a RU
|b 63413507
|c 20050926
|g PSBO
|
| 801 |
|
2 |
|a RU
|b 63413507
|c 20130719
|g PSBO
|
| 900 |
|
|
|a Математические основы теории систем
|
| 942 |
|
|
|c BK
|